In Rainbows - Radiohead - Statistics

General Stats
  • This quiz has been taken 144 times
  • The average score is 9 of 10
Answer Stats
Answer % Correct
Jigsaw Falling into Place
98%
All I Need
96%
Weird Fishes/Arpeggi
96%
Nude
95%
15 Step
92%
Videotape
88%
Bodysnatchers
85%
House of Cards
84%
Faust Arp
79%
Reckoner
79%
No matching quizzes found
Score Distribution
Percent of People with Each Score
Percentile by Number Answered
Your Score History
You have not taken this quiz